[Event "Zhukovsky op 05"]
[Site "Zhukovsky"]
[Date "2011.??.??"]
[Round "6"]
[White "Andrianov, Nikolay"]
[Black "Guseynov, Vafadar"]
[Result "1-0"]
[WhiteElo "1799"]
[BlackElo "1885"]
[PlyCount "89"]
[EventDate "2011.05.15"]
[EventType "swiss"]
[EventRounds "9"]
[EventCountry "RUS"]
[SourceTitle "EXT 2012"]
[Source "ChessBase"]
[SourceDate "2011.11.24"]
[SourceVersion "1"]
[SourceVersionDate "2011.11.24"]
[SourceQuality "1"]

1. d4 Nf6 2. c4 g6 3. Nc3 d5 4. e3 Bg7 5. cxd5 Nxd5 6. Qb3 Nxc3 7. bxc3 0-0 8. Nf3 Nd7 9. Be2 c5 10. 0-0 b6 11. a4 e5 12. Ba3 Re8 13. Rfd1 e4 14. Nd2 cxd4 15. cxd4 Nf6 16. Bb5 Bd7 17. Rac1 Bf8 18. Nc4 Bxb5 19. axb5 Bxa3 20. Qxa3 Qe7 21. Qb3 Rec8 22. Ne5 Rc7 23. Nc6 Qd6 24. Rc2 Rac8 25. Rdc1 a6 26. Ne5 Rxc2 27. Rxc2 Rxc2 28. Qxc2 axb5 29. Qb3 Qd5 30. Qa3 Nd7 31. Nxd7 Qxd7 32. Qa8+ Kg7 33. Qxe4 Qf5 34. Qxf5 gxf5 35. Kf1 Kf6 36. Ke2 Ke6 37. Kd3 h5 38. Kc3 Kd5 39. Kb4 f4 40. Kxb5 h4 41. Kxb6 f5 42. Kc7 fxe3 43. fxe3 f4 44. exf4 Kxd4 45. g4 1-0